书目信息 |
| 题名: |
卢瓦尔河谷的香艳
|
|
| 作者: | ;欧洲古镇游编辑部 编著 | |
| 分册: | ||
| 出版信息: | 北京 中国轻工业出版社 2005.02 |
|
| 页数: | 198页 | |
| 开本: | 24cm | |
| 丛书名: | 欧洲古镇游系列 | |
| 单 册: | ||
| 中图分类: | K956.59 | |
| 科图分类: | ||
| 主题词: | 乡镇--旅游指南--法国 | |
| 电子资源: | ||
| ISBN: | 7-5019-4759-7 | |
| 000 | 01052nam 2200265 450 | |
| 001 | 192004001397 | |
| 005 | 20070905143035.32 | |
| 010 | @a7-5019-4759-7@dCNY39.80 | |
| 100 | @a20070531d2005 ekmy0chiy0121 ea | |
| 101 | 0 | @achi |
| 102 | @aCN@b110000 | |
| 105 | @aa z 000yy | |
| 200 | 1 | @a卢瓦尔河谷的香艳@Alu wa er he gu de xiang yan@e38座卢瓦尔最美的古镇@f《欧洲古镇游》编辑部编著 |
| 210 | @a北京@c中国轻工业出版社@d2005.02 | |
| 215 | @a198页@c彩图@d24cm | |
| 225 | 2 | @a欧洲古镇游系列@Aou zhou gu zhen you xi lie |
| 300 | @a其他题名:38座卢瓦尔最美的古镇 | |
| 330 | @a本书为中国人精心选择介绍了38座古镇,这些古镇位于“法国最美丽的后花园”之称的卢瓦尔河谷。书中300余幅精彩照片全方位展现38座古镇的风土人情,充满了诗情画意并为自助游者提供了便捷的参照。 | |
| 410 | 0 | @12001 @a欧洲古镇游系列 |
| 517 | 1 | @a38座卢瓦尔最美的古镇@A38 zuo lu wa er zui mei de gu zhen |
| 606 | 0 | @a乡镇@x旅游指南@y法国 |
| 690 | @aK956.59@v4 | |
| 711 | 02 | @a欧洲古镇游编辑部@Aou zhou gu zhen you bian ji bu@4编著 |
| 801 | 0 | @aCN@c20070905 |
| 905 | @dK956.59@eO611 | |
| 卢瓦尔河谷的香艳:38座卢瓦尔最美的古镇/《欧洲古镇游》编辑部编著.-北京:中国轻工业出版社,2005.02 |
| 198页:彩图;24cm.-(欧洲古镇游系列) |
| 其他题名:38座卢瓦尔最美的古镇 |
| ISBN 7-5019-4759-7:CNY39.80 |
| 本书为中国人精心选择介绍了38座古镇,这些古镇位于“法国最美丽的后花园”之称的卢瓦尔河谷。书中300余幅精彩照片全方位展现38座古镇的风土人情,充满了诗情画意并为自助游者提供了便捷的参照。 |
| ● |
| 相关链接 |
|
|
|
正题名:卢瓦尔河谷的香艳
索取号:K956.59/O611
 
预约/预借
| 序号 | 登录号 | 条形码 | 馆藏地/架位号 | 状态 | 备注 |
| 1 | 625282 | 206252829 | 社科库309/309社科库 29排1列4层/ [索取号:K956.59/O611] | 在馆 | |
| 2 | 625283 | 206252838 | 自科二线404/400A自科库 44排1列1层/ [索取号:K956.59/O611] | 在馆 | |
| 3 | 625284 | 206252847 | 社科库309/309社科库 29排1列4层/ [索取号:K956.59/O611] | 在馆 |